000 00596cam a2200205 4500
003 OSt
005 20151105164834.0
008 000629s2000 sp a b 000 1 spa
020 _a84-376-1782-0
040 _cBMC
082 _a808.83146
100 1 _aFraile, Medardo
_937020
_d1925-2013
245 1 0 _aCuentos de verdad
_cMedardo Fraile ; edición de María del Pilar Palomo
260 _aMadrid
_bCátedra
_ccop. 2000
300 _a354 p.
_c18 cm
490 _aLetras hispánicas
_v478
650 2 4 _930991
_aCuentos españoles
700 1 _aPalomo, María del Pilar
_930986
942 _2ddc
_cBK
999 _c23220
_d23220